|
|
|
|
| LEADER |
01127nam a2200277 a 4500 |
| 001 |
13066467 |
| 008 |
090727r2004 mauab b 001 0 eng d |
| 010 |
|
|
|a 2003001453
|
| 020 |
|
|
|a 1405128127
|
| 020 |
|
|
|a 0631236163 (pbk. : alk. paper)
|
| 040 |
|
|
|a DLC
|c DLC
|d DLC
|
| 082 |
0 |
0 |
|a 909.8
|2 21
|
| 100 |
1 |
|
|a Bayly, C. A.
|q (Christopher Alan)
|
| 245 |
1 |
4 |
|a The birth of the modern world, 1780-1914 :
|b global connections and comparisons /
|c C.A. Bayly.
|
| 260 |
|
|
|a Malden, MA :
|b Blackwell Pub.,
|c 2004.[reprinted]
|
| 300 |
|
|
|a xxiv, 540 p. :
|b ill., maps ;
|c 26 cm.
|
| 490 |
|
0 |
|a The Blackwell history of the world
|
| 504 |
|
|
|a Includes bibliographical references (p. 514-532) and index.
|
| 541 |
1 |
|
|e 00014479
|
| 650 |
|
0 |
|a Revolutions
|x History
|y 18th century.
|
| 650 |
|
0 |
|a History, Modern
|y 19th century.
|
| 650 |
|
0 |
|a History, Modern
|y 20th century.
|
| 650 |
|
0 |
|a Globalization.
|
| 852 |
4 |
|
|a Ayesha Abed Library
|j General Shelf.
|
| 999 |
|
|
|c 2901
|d 2901
|
| 952 |
|
|
|0 0
|1 0
|2 ddc
|4 0
|6 909_800000000000000_BAY_2004
|7 0
|9 2635
|a BRACUL
|b BRACUL
|c GEN
|d 2006-02-27
|g 1611.00
|l 6
|m 13
|o 909.8 BAY
|p 3010014479
|r 2025-05-08
|s 2025-04-21
|t 1
|w 2009-07-27
|y BK
|